000
00195nam a22000977a 4500
245
_a
Kabir Bijakh Evamh Dohawli
250
_a
2014
260
_b
Laxmi Prakashan
300
_a
158
942
_2
ddc
_c
BK
999
_c
11768
_d
11768